The Geometry of Type : The Anatomy of 100 Essential Typefaces /

Sparad:
Bibliografiska uppgifter
Huvudupphov: Coles, Stephen (autor)
Materialtyp: Bok
Språk:engelska
Utgiven: Londres, Inglaterra : Thames and Hudson, 2012, c2012
Ämnen:
Taggar: Lägg till en tagg
Inga taggar, Lägg till första taggen!

MARC

LEADER 00000nam^a2200000^a^4500
001 000352220
005 20250521000000.0
008 120315 20122012
009 20260310115032.946
020 |a 978-0-500-24142-4 
037 |a Acervo ITESO - Biblioteca 
041 |a ING 
082 |a 686. 22  |b COL 
100 |a Coles, Stephen  |e (autor) 
245 1 4 |a The Geometry of Type :  |b The Anatomy of 100 Essential Typefaces /  |c S. Coles. 
264 4 |a Londres, Inglaterra :  |b Thames and Hudson,  |c 2012, c2012 
300 |a 256 p. 
336 |a texto  |b txt  |2 rdacontenido 
337 |a sin mediación  |b n  |2 rdamedio 
338 |a volumen  |b nc  |2 rdasoporte 
649 |a XX 
650 |a Tipos de Letra -  |x Tema Principal 
650 |a Diseño Tipográfico 
650 |a Composición Tipográfica 
650 |a Tipografía -  |x Tema Principal 
650 |a Diseño Editorial 
650 |a Diseño Gráfico 
650 |a Comunicación Visual 
910 |a Fondo General 
920 |a Impresos - Libros 
930 |a Colección General 
905 |a 101 
901 |a 0500243691  |b IT1  |c ACC  |i C138516  |u 20250521 
902 |a https://opac.biblio.iteso.mx/vufind/Record/000352220